000 00586nam a2200205 a 4500
005 20140310183244.0
008 040802s19uu xx 00 eng d
020 _a0131202049
050 _aTK 5105
_b.St23 2003
100 _aStamper, David A.
245 _aBusiness data communications /
250 _a6th
260 _aNew Jersey :
_bPrentice Hall,
_c2003.
300 _a768 p. :
_bill. some col. ;
_c27 cm.
650 _aData Transmission Systems.
650 _aBusiness enterprise
_xcomputer network.
700 _aCase, Thomas L.
942 _cBK
_2lcc
_kFOR
999 _c20650
_d20650